| 000 | 00713nam a2200253 a 4500 | ||
|---|---|---|---|
| 001 | 53686 | ||
| 003 | BD-RjUL | ||
| 005 | 20211209080013.0 | ||
| 008 | 161023r19631960enk | |||| | eng d | ||
| 035 | _a(BD-RjUL) 53808 | ||
| 040 |
_aBD-RjUL _beng _cBD-RjUL |
||
| 041 | _aeng | ||
| 082 |
_223 _a624.151 _bBLG 1963 |
||
| 100 | 1 |
_aBlyth, F. G. H. _9160445 |
|
| 245 | 1 | 2 |
_aA geology for engineers / _cF. G. H. Blyth. |
| 250 | _a4th ed. | ||
| 260 |
_aLondon : _bEdward Arnold Ltd, _c1960 [Reprinted 1963] |
||
| 300 |
_aviii, 341 p. : _bill. ; _c22 cm |
||
| 500 | _aIncludes Index | ||
| 650 |
_aEngineering geology _9159053 |
||
| 650 |
_aPhysical sciences _9155399 |
||
| 650 |
_aGeology _9160446 |
||
| 942 |
_2ddc _cBK |
||
| 999 |
_c53686 _d53686 |
||